书目信息 |
| 题名: |
轨道
|
|
| 作者: | 李成辉 主编 | |
| 分册: | ||
| 出版信息: | 成都 西南交通大学出版社 2005.04 |
|
| 页数: | 222页 | |
| 开本: | 26cm | |
| 丛书名: | 高等学校土木工程专业系列教材 | |
| 单 册: | ||
| 中图分类: | U213.2 | |
| 科图分类: | ||
| 主题词: | 轨道 (铁路)--gui dao(tie lu) | |
| 电子资源: | ||
| ISBN: | 7-81104-043-3 | |
| 000 | 00960nam 2200265 450 | |
| 001 | 012007484595 | |
| 005 | 20071229144259.93 | |
| 010 | @a7-81104-043-3@dCNY22.00 | |
| 100 | @a20071229d2005 km y0chiy0120 ea | |
| 101 | 0 | @achi |
| 102 | @aCN@b510000 | |
| 105 | @aa a 000yy | |
| 106 | @ar | |
| 200 | 1 | @a轨道@Agui dao@f李成辉主编@Fli cheng hui zhu bian |
| 210 | @a成都@c西南交通大学出版社@d2005.04 | |
| 215 | @a222页@c图@d26cm | |
| 225 | 2 | @a高等学校土木工程专业系列教材@Agao deng xue xiao tu mu gong cheng zhuan ye xi lie jiao cai |
| 320 | @a有书目。 | |
| 330 | @a本书系统介绍了铁路轨道的基本原理和基本知识,并吸收了目前轨道发展的新成果,包括轨道结构、轨道几何形位、轨道力学分析、道岔、无缝线路和轨道维修管理等内容。 | |
| 410 | 0 | @12001 @a高等学校土木工程专业系列教材 |
| 606 | 0 | @a轨道 (铁路)@Agui dao(tie lu) |
| 690 | @aU213.2@v4 | |
| 701 | 0 | @a李成辉@Ali cheng hui@4主编 |
| 801 | 0 | @aCN@bQSSK@c20071229 |
| 905 | @b274921-22@dU213.2@eL132@f2 | |
| 轨道/李成辉主编.-成都:西南交通大学出版社,2005.04 |
| 222页:图;26cm.-(高等学校土木工程专业系列教材) |
| ISBN 7-81104-043-3:CNY22.00 |
| 本书系统介绍了铁路轨道的基本原理和基本知识,并吸收了目前轨道发展的新成果,包括轨道结构、轨道几何形位、轨道力学分析、道岔、无缝线路和轨道维修管理等内容。 |
| ● |
| 相关链接 |
|
|
|
正题名:轨道
索取号:U213.2/L132
 
预约/预借
| 序号 | 登录号 | 条形码 | 馆藏地/架位号 | 状态 | 备注 |
| 1 | 274921 | 202749213 | 自科库501/501自科库 49排4列3层/ [索取号:U213.2/L132] | 在馆 | |
| 2 | 274922 | 202749222 | 自科库501/501自科库 49排4列3层/ [索取号:U213.2/L132] | 在馆 |